[Event "3. Wittelsbacher Weihnachts-Schach-Open"]
[Site "Kelheim"]
[Date "2014.12.28"]
[Round "5.3"]
[White "Pezerovic, Edin"]
[Black "Baur, Stephan"]
[Result "1-0"]
[WhiteElo "2418"]
[BlackElo "1938"]
[PlyCount "59"]
[EventDate "2014.??.??"]
[WhiteTeam "Münchener SC"]
[BlackTeam "SK Kelheim"]

1. d4 Nf6 2. Nf3 g6 3. Bf4 Bg7 4. e3 c5 5. c3 cxd4 6. exd4 b6 7. Bc4 Bb7 8. O-O
O-O 9. Re1 d5 10. Bd3 Nbd7 11. Qc1 Re8 12. h3 Rc8 13. a4 a6 14. Nbd2 Nh5 15.
Bh2 Bh6 16. Qd1 Nf4 17. Bf1 Nf6 18. Ne5 Ne6 19. Ng4 Bg7 20. Bd3 Rc6 21. Ne5 Rc8
22. Qe2 Ra8 23. Nxf7 Nxd4 24. cxd4 Kxf7 25. Rac1 Ne4 26. Rc7 Rb8 27. Nxe4 dxe4
28. Bxe4 Bxe4 29. Qxe4 Kf8 30. Qe6 1-0

[Event "3. Wittelsbacher Weihnachts-Schach-Open"]
[Site "Kelheim"]
[Date "2014.12.28"]
[Round "5.4"]
[White "Maurer, Heinrich"]
[Black "Müller, Christian"]
[Result "0-1"]
[WhiteElo "2104"]
[BlackElo "2166"]
[PlyCount "102"]
[EventDate "2014.??.??"]
[WhiteTeam "SK Kelheim"]
[BlackTeam "SC Windischeschenbach"]

1. e4 d6 2. d4 Nf6 3. Nc3 e5 4. dxe5 dxe5 5. Qxd8+ Kxd8 6. Bg5 Be6 7. O-O-O+
Nbd7 8. Nf3 Kc8 9. Bb5 c6 10. Bd3 b5 11. Bh4 Bg4 12. Ne2 Nc5 13. Rhe1 Nfd7 14.
h3 Bxf3 15. gxf3 f6 16. Bg3 g5 17. h4 h6 18. Rh1 Rg8 19. hxg5 hxg5 20. Rh7 Bg7
21. b4 Ne6 22. c4 a6 23. cxb5 axb5 24. Kb2 Rd8 25. Bc2 Ndf8 26. Rhh1 Kb7 27.
Bb3 Rxd1 28. Rxd1 Rd8 29. Rxd8 Nxd8 30. Bh2 Nfe6 31. Kc3 Kb6 32. Bg3 Bf8 33.
Bh2 c5 34. bxc5+ Bxc5 35. Ng3 Nd4 36. Bd1 N8c6 37. Nh5 Be7 38. f4 exf4 39. f3
Bb4+ 40. Kd3 Kc5 41. Nxf4 gxf4 42. Bxf4 Ne5+ 43. Bxe5 fxe5 44. a4 bxa4 45. Bxa4
Nxf3 46. Bb3 Ne1+ 47. Ke3 Ng2+ 48. Kf3 Nf4 49. Ba4 Kd4 50. Bc6 Bd2 51. Bb7 Ne6
0-1

[Event "3. Wittelsbacher Weihnachts-Schach-Open"]
[Site "Kelheim"]
[Date "2014.12.28"]
[Round "5.5"]
[White "Stadler, Andreas"]
[Black "Reinhardt, Bernd"]
[Result "0-1"]
[WhiteElo "1955"]
[BlackElo "2225"]
[PlyCount "62"]
[EventDate "2014.??.??"]
[WhiteTeam "SK München Südost"]
[BlackTeam "BG Buchen"]

1. e4 d6 2. c4 g6 3. g3 Bg7 4. Bg2 c5 5. Ne2 Nc6 6. Nbc3 a6 7. d3 Rb8 8. a4 e6
9. O-O Nge7 10. Bd2 O-O 11. Rb1 b6 12. b3 Bb7 13. Be3 Nd4 14. Qd2 Nec6 15. Bh6
Qf6 16. Bxg7 Qxg7 17. Nxd4 Qxd4 18. Ne2 Qg7 19. Rfd1 e5 20. f4 f5 21. exf5 gxf5
22. Kf2 a5 23. Rg1 Kh8 24. Bf3 Rbe8 25. Nc3 exf4 26. Nd5 Qd4+ 27. Kf1 Ne5 28.
Bh5 Bxd5 29. cxd5 Re7 30. Qxf4 Qxd3+ 31. Kg2 Qxd5+ 0-1

[Event "3. Wittelsbacher Weihnachts-Schach-Open"]
[Site "Kelheim"]
[Date "2014.12.28"]
[Round "5.6"]
[White "Meulner, Fabian"]
[Black "Eibl, Maximilian"]
[Result "1/2-1/2"]
[WhiteElo "1926"]
[BlackElo "2165"]
[PlyCount "29"]
[EventDate "2014.??.??"]
[WhiteTeam "SW Nürnberg Süd"]
[BlackTeam "SK Kelheim"]

1. d4 Nf6 2. Bg5 e6 3. e4 h6 4. Bxf6 Qxf6 5. c3 d6 6. Bd3 e5 7. Ne2 g5 8. O-O
Bg7 9. Nd2 O-O 10. Nc4 Nc6 11. d5 Ne7 12. Ne3 Ng6 13. Ng3 Nf4 14. Be2 Qg6 15.
Ngf5 1/2-1/2

[Event "3. Wittelsbacher Weihnachts-Schach-Open"]
[Site "Kelheim"]
[Date "2014.12.28"]
[Round "5.7"]
[White "Vilsmeier, Christian"]
[Black "Müller, Richard"]
[Result "0-1"]
[WhiteElo "1989"]
[BlackElo "2155"]
[PlyCount "106"]
[EventDate "2014.??.??"]
[WhiteTeam "DJK-Regensburg Nord"]
[BlackTeam "TuS Coswig"]

1. e4 c5 2. Nc3 e6 3. Nge2 Nc6 4. g3 g6 5. Bg2 Bg7 6. d3 d6 7. Be3 Nd4 8. O-O
Ne7 9. h3 O-O 10. Qd2 Rb8 11. Nd1 b5 12. c3 Nxe2+ 13. Qxe2 b4 14. c4 Nc6 15.
Qd2 Re8 16. Bh6 Bh8 17. f4 Nd4 18. Ne3 f5 19. exf5 Nxf5 20. Nxf5 gxf5 21. Rae1
Qf6 22. Bc6 Qxh6 23. Bxe8 Qxh3 24. Re3 Bd4 25. Kf2 Bxe3+ 26. Qxe3 Qh2+ 27. Ke1
Qxb2 28. Qd2 Qxd2+ 29. Kxd2 Kf8 30. Bc6 Bb7 31. Bxb7 Rxb7 32. Re1 Kf7 33. Kc2
Kf6 34. Rh1 Kg6 35. Kb3 e5 36. Ka4 h5 37. Re1 Kf6 38. Rh1 Rh7 39. Kb5 e4 40.
dxe4 fxe4 41. Kc6 Kf5 42. Kxd6 e3 43. Kxc5 Ke4 44. Kd6 Rh6+ 45. Kd7 Kd4 46. g4
Rf6 47. gxh5 Rxf4 48. h6 e2 49. h7 Rf7+ 50. Kc6 Rxh7 51. Rxh7 e1=Q 52. Kb5 Qe5+
53. Kxb4 Qc5+ 0-1

[Event "3. Wittelsbacher Weihnachts-Schach-Open"]
[Site "Kelheim"]
[Date "2014.12.28"]
[Round "5.8"]
[White "Fuhrmann, Max"]
[Black "Simon, Jonathan"]
[Result "0-1"]
[WhiteElo "2143"]
[BlackElo "1941"]
[PlyCount "55"]
[EventDate "2014.??.??"]
[WhiteTeam "SK Kelheim"]
[BlackTeam "SK Mömbris"]

1. e4 c5 2. Nf3 d6 3. d4 cxd4 4. Nxd4 Nf6 5. Nc3 g6 6. Be2 Bg7 7. Be3 Nc6 8.
O-O O-O 9. Nb3 Be6 10. f4 Rc8 11. Bf3 a5 12. Kh1 Bc4 13. Rf2 Ba6 14. Rd2 Nd7
15. e5 Ndxe5 16. fxe5 Nxe5 17. Rd5 Nc4 18. Bc1 Nxb2 19. Bxb2 Bxc3 20. Bxc3 Rxc3
21. Rxa5 Qc7 22. Be4 e6 23. Ra4 Rc8 24. h3 d5 25. Bf3 Rxc2 26. Rd4 Qc3 27. Qg1
Bc4 28. Nc1 0-1

[Event "3. Wittelsbacher Weihnachts-Schach-Open"]
[Site "Kelheim"]
[Date "2014.12.28"]
[Round "5.10"]
[White "Blodig, Constantin"]
[Black "Lutter, Maximilian"]
[Result "1-0"]
[WhiteElo "1972"]
[BlackElo "1764"]
[PlyCount "79"]
[EventDate "2014.??.??"]
[WhiteTeam "SK Kelheim"]
[BlackTeam "SK Neumarkt"]

1. e4 d6 2. Nc3 Nf6 3. g3 g6 4. Bg2 Bg7 5. d3 c6 6. Nge2 b5 7. a3 O-O 8. O-O
Nbd7 9. h3 Bb7 10. Be3 a5 11. Qd2 b4 12. Nd1 d5 13. f4 dxe4 14. dxe4 Qc7 15.
axb4 axb4 16. Nf2 Ba6 17. Rfd1 Nb6 18. Qxb4 Nc4 19. Rxa6 Nxe3 20. Rxa8 Rxa8 21.
Rd2 c5 22. Qb3 Nxg2 23. Kxg2 Rb8 24. Qa3 Qb7 25. Qe3 h5 26. c3 Qc6 27. Nc1 e6
28. Ncd3 Bf8 29. Ne5 Qb7 30. g4 hxg4 31. hxg4 Qb5 32. g5 Nh5 33. Nfg4 Bg7 34.
Nd7 Ra8 35. Ndf6+ Kf8 36. Nxh5 gxh5 37. Nf6 Ra1 38. Rd8+ Ke7 39. Re8+ Kd6 40.
Qd2+ 1-0

[Event "3. Wittelsbacher Weihnachts-Schach-Open"]
[Site "Kelheim"]
[Date "2014.12.28"]
[Round "5.11"]
[White "Popp, Michael"]
[Black "Lohr, Werner"]
[Result "1/2-1/2"]
[WhiteElo "2071"]
[BlackElo "1735"]
[PlyCount "38"]
[EventDate "2014.??.??"]
[WhiteTeam "TV Geiselhöring"]
[BlackTeam "TSV Mainburg"]

1. d4 d5 2. Nf3 e6 3. c4 c6 4. e3 f5 5. Bd3 Nf6 6. O-O Bd6 7. b3 Qe7 8. Bb2 O-O
9. Ne5 a5 10. Qc2 Ne4 11. f3 Nf6 12. Nd2 Na6 13. a3 Bd7 14. e4 fxe4 15. fxe4
Bxe5 16. dxe5 Ng4 17. Rxf8+ Rxf8 18. Nf3 dxc4 19. Bxc4 Ne3 1/2-1/2

[Event "3. Wittelsbacher Weihnachts-Schach-Open"]
[Site "Kelheim"]
[Date "2014.12.28"]
[Round "5.12"]
[White "Lautner, Juergen"]
[Black "Meyer, Nico"]
[Result "1-0"]
[WhiteElo "1932"]
[BlackElo "1386"]
[PlyCount "111"]
[EventDate "2014.??.??"]
[WhiteTeam "1.FC Schwarzenfeld"]
[BlackTeam "SC Bechhofen"]

1. c4 e5 2. g3 Nc6 3. Nc3 Bc5 4. Bg2 Nge7 5. e3 d6 6. Nge2 Be6 7. d4 exd4 8.
exd4 Bxd4 9. Nxd4 Bxc4 10. Nxc6 bxc6 11. Be3 d5 12. Bf1 Bxf1 13. Kxf1 O-O 14.
Bc5 Re8 15. Kg2 Nf5 16. Qf3 Qg5 17. h4 Qg6 18. Rad1 Re6 19. Ne2 Re4 20. Nf4 Qf6
21. Rd2 Rc4 22. b4 a5 23. a3 Re8 24. Re2 Rxe2 25. Qxe2 h6 26. h5 Rc3 27. Qd2
axb4 28. axb4 Rc4 29. Nd3 Re4 30. f3 Rc4 31. Rc1 Nd4 32. Bxd4 Rxd4 33. Qe3 g6
34. Rxc6 Qxc6 35. Qxd4 Qc2+ 36. Nf2 Qf5 37. hxg6 fxg6 38. Nd3 Qe6 39. Ne5 c6
40. Qf4 g5 41. Qd4 h5 42. Nd3 Qf5 43. g4 hxg4 44. fxg4 Qe6 45. Ne5 Kh7 46. Kg3
Qd6 47. Kg2 Qe6 48. Qc3 Qf6 49. Qe3 Kh6 50. Nf3 Qb2+ 51. Kg3 Qf6 52. Nd4 Qd6+
53. Kf3 Qxb4 54. Nf5+ Kg6 55. Qe6+ Kh7 56. Qf7+ 1-0

[Event "3. Wittelsbacher Weihnachts-Schach-Open"]
[Site "Kelheim"]
[Date "2014.12.28"]
[Round "5.13"]
[White "Goderbauer, Benedikt"]
[Black "Böttger, Lukas"]
[Result "0-1"]
[WhiteElo "1818"]
[BlackElo "2236"]
[PlyCount "130"]
[EventDate "2014.??.??"]
[WhiteTeam "SC Moosburg"]
[BlackTeam "TuS Coswig"]

1. d4 Nf6 2. c4 e6 3. g3 d5 4. Bg2 dxc4 5. Nf3 a6 6. O-O Nc6 7. Nc3 Rb8 8. Bg5
Be7 9. e4 h6 10. Bxf6 Bxf6 11. d5 Ne5 12. Nxe5 Bxe5 13. f4 Bxc3 14. bxc3 exd5
15. exd5 O-O 16. Qd4 b5 17. f5 Qf6 18. Qxf6 gxf6 19. Rae1 Bd7 20. Re7 Rfd8 21.
Rfe1 Kf8 22. g4 Re8 23. Rxe8+ Rxe8 24. Rxe8+ Kxe8 25. Kf2 Ke7 26. Ke3 Kd6 27.
Kd4 c5+ 28. dxc6 Bxc6 29. Bf1 Bf3 30. h3 Bd5 31. a3 Kc6 32. Be2 Bg2 33. h4 Bh1
34. Bd1 Kd6 35. Be2 Bg2 36. h5 Kc6 37. Bd1 Bh1 38. Be2 Kd6 39. Bd1 Bd5 40. Be2
Bg2 41. Bd1 Bf1 42. Bf3 Bd3 43. Bd1 Bb1 44. Be2 Bc2 45. Bf3 Bb3 46. Be2 Kc6 47.
Bf3+ Kb6 48. Kd5 Ka5 49. Kd6 Ka4 50. Ke7 Kxa3 51. Kxf6 b4 52. cxb4 c3 53. Be4
Bd5 54. Bxd5 c2 55. Kxf7 c1=Q 56. f6 Qg5 57. Be6 Kxb4 58. Bf5 Kc5 59. Ke6 Kc6
60. f7 Qe3+ 61. Kf6 Qd4+ 62. Ke7 Qe5+ 63. Be6 Qd6+ 64. Kf6 Qf8 65. g5 hxg5 0-1

[Event "3. Wittelsbacher Weihnachts-Schach-Open"]
[Site "Kelheim"]
[Date "2014.12.28"]
[Round "5.14"]
[White "Sailer, Wolfgang"]
[Black "Bodenschatz, Josef"]
[Result "1-0"]
[WhiteElo "2205"]
[BlackElo "1999"]
[PlyCount "98"]
[EventDate "2014.??.??"]
[WhiteTeam "SK Ingolstadt"]
[BlackTeam "TSV Kirchenlaibach"]

1. d4 c6 2. c4 f5 3. Nf3 Nf6 4. Nc3 g6 5. g3 Bg7 6. Bg2 O-O 7. O-O d5 8. Bf4
Na6 9. cxd5 Nxd5 10. Qb3 e6 11. Be5 Bxe5 12. Nxe5 Kg7 13. e3 Qd6 14. Rfd1 Nac7
15. Rac1 Nb6 16. a4 Nd7 17. Nc4 Qe7 18. a5 a6 19. Na4 Nb5 20. h3 Nf6 21. Nc5
Nd5 22. Ne5 Qc7 23. Qa2 Re8 24. Kh2 h6 25. Qa4 Kh7 26. Re1 Rf8 27. Re2 g5 28.
Kg1 Kg7 29. Rce1 Ne7 30. Qb4 Rf6 31. Qd2 Ng6 32. Nc4 Ne7 33. Nb6 Rb8 34. Qd3
Qd6 35. Nc4 Qc7 36. Nb6 Qd6 37. Nc4 Qc7 38. b4 Nd5 39. Rb2 Ne7 40. Ne5 Ng6 41.
Nc4 Ne7 42. Nb6 Nd5 43. e4 fxe4 44. Nxe4 Rf7 45. Nc4 Nf6 46. Nc5 Nd6 47. Ne5
Rf8 48. Qg6+ Kh8 49. Qxh6+ Kg8 1-0

[Event "3. Wittelsbacher Weihnachts-Schach-Open"]
[Site "Kelheim"]
[Date "2014.12.28"]
[Round "5.15"]
[White "Oestreicher, Hans-Ulrich"]
[Black "Steinmüller Günther"]
[Result "1/2-1/2"]
[WhiteElo "1987"]
[BlackElo "2193"]
[PlyCount "20"]
[EventDate "2014.??.??"]
[WhiteTeam "SK Markdorf"]
[BlackTeam "ASK St. Valentin"]

1. Nf3 Nf6 2. c4 e6 3. g3 d5 4. Bg2 Be7 5. O-O O-O 6. b3 a5 7. d4 a4 8. c5 axb3
9. Qxb3 Nc6 10. Nc3 Na5 1/2-1/2

[Event "3. Wittelsbacher Weihnachts-Schach-Open"]
[Site "Kelheim"]
[Date "2014.12.28"]
[Round "5.16"]
[White "Brack, Johannes"]
[Black "Kreuzer, Helmut"]
[Result "0-1"]
[WhiteElo "1999"]
[BlackElo "2127"]
[PlyCount "38"]
[EventDate "2014.??.??"]
[WhiteTeam "Regensb. Turnerschaft"]
[BlackTeam "SK Kelheim"]

1. d4 g6 2. e4 d6 3. f4 Bg7 4. e5 Nh6 5. Nf3 dxe5 6. fxe5 c5 7. c3 cxd4 8. Bxh6
Bxh6 9. cxd4 Qb6 10. b3 Bg4 11. Nc3 Nc6 12. Qd3 O-O 13. Rd1 Rad8 14. Ne2 Nb4
15. Qe4 Bf5 16. Qh4 Be3 17. Rd2 Nd3+ 18. Kd1 Nf2+ 19. Kc1 Nxh1 0-1

[Event "3. Wittelsbacher Weihnachts-Schach-Open"]
[Site "Kelheim"]
[Date "2014.12.28"]
[Round "5.17"]
[White "Boos, Patrick"]
[Black "Link, Klaus"]
[Result "1-0"]
[WhiteElo "2122"]
[BlackElo "1927"]
[PlyCount "62"]
[EventDate "2014.??.??"]
[WhiteTeam "SV Worms"]
[BlackTeam "SK Klingenberg"]

1. e4 e5 2. Nf3 Nc6 3. Bb5 a6 4. Bxc6 dxc6 5. O-O f6 6. d4 exd4 7. Nxd4 c5 8.
Nb3 Qxd1 9. Rxd1 Bd6 10. Na5 b5 11. c4 Ne7 12. Nc3 Rb8 13. Be3 Be6 14. cxb5
axb5 15. Nb3 Bxb3 16. axb3 Kf7 17. Ra5 Rhd8 18. f4 Nc6 19. Ra6 Nb4 20. Ra7 Nc2
21. Kf2 Nxe3 22. Kxe3 c4 23. Rd5 Kf8 24. Nxb5 Bb4 25. Nxc7 Bc5+ 26. Rxc5 Rxb3+
27. Ke2 Rxb2+ 28. Kf3 Rd3+ 29. Kg4 Kf7 30. Nd5+ Kg6 31. Ne7+ Kh6 1-0

[Event "3. Wittelsbacher Weihnachts-Schach-Open"]
[Site "Kelheim"]
[Date "2014.12.28"]
[Round "5.18"]
[White "Stadler, Wolfgang"]
[Black "Hornung, Hans"]
[Result "1/2-1/2"]
[WhiteElo "2059"]
[BlackElo "2132"]
[PlyCount "57"]
[EventDate "2014.??.??"]
[WhiteTeam "SK München Südost"]
[BlackTeam "SK Klosterlechfeld"]

1. e4 g6 2. d4 Bg7 3. Nc3 d6 4. Bg5 a6 5. f4 b5 6. a3 Bb7 7. Nf3 Nd7 8. e5 Nh6
9. Bd3 O-O 10. O-O f6 11. exf6 exf6 12. Bh4 c5 13. Be4 Bxe4 14. Nxe4 Nf5 15.
Bf2 Qc7 16. g3 Rfe8 17. Re1 Qb7 18. Ned2 Qd5 19. c3 Rac8 20. Qb3 c4 21. Qc2 Nb6
22. Ne4 Qc6 23. Re2 d5 24. Nc5 Rxe2 25. Qxe2 Re8 26. Qd2 Nd6 27. Nxa6 Ne4 28.
Qc2 Nc8 29. Nb4 1/2-1/2

[Event "3. Wittelsbacher Weihnachts-Schach-Open"]
[Site "Kelheim"]
[Date "2014.12.28"]
[Round "5.19"]
[White "Weber, Daniel"]
[Black "Bergmayr Karl"]
[Result "1-0"]
[WhiteElo "2036"]
[BlackElo "1874"]
[PlyCount "84"]
[EventDate "2014.??.??"]
[WhiteTeam "SC Bechhofen"]
[BlackTeam "ASK St. Valentin"]

1. e4 c5 2. Nf3 Nc6 3. d4 cxd4 4. Nxd4 d6 5. Nc3 a6 6. Be3 Nf6 7. f3 e6 8. Be2
Be7 9. O-O Bd7 10. a4 O-O 11. Nxc6 Bxc6 12. Qd4 Qc7 13. Qb6 Rac8 14. Qxc7 Rxc7
15. Rfd1 d5 16. exd5 Nxd5 17. Nxd5 Bxd5 18. c3 Bc5 19. Bxc5 Rxc5 20. Rd4 Rc7
21. c4 Bc6 22. b4 Rfc8 23. b5 axb5 24. axb5 Be8 25. Ra7 Kf8 26. Kf2 Rb8 27. f4
Ke7 28. Bf3 Kf6 29. Ke3 h6 30. h4 g6 31. g4 Kg7 32. b6 Re7 33. Rd6 Kf8 34. g5
hxg5 35. hxg5 e5 36. Bd5 exf4+ 37. Kxf4 Kg7 38. c5 Kf8 39. Rf6 Rd7 40. c6 bxc6
41. Bxc6 Re7 42. Be4 Rxb6 1-0

[Event "3. Wittelsbacher Weihnachts-Schach-Open"]
[Site "Kelheim"]
[Date "2014.12.28"]
[Round "5.20"]
[White "Schmitz, Björn"]
[Black "Braun, Michael"]
[Result "1-0"]
[WhiteElo "1851"]
[BlackElo "2027"]
[PlyCount "89"]
[EventDate "2014.??.??"]
[WhiteTeam "SV Saal/Donau"]
[BlackTeam "SG Büchenbach/Roth"]

1. d4 Nf6 2. c4 e6 3. Nc3 Bb4 4. f3 d5 5. a3 Bxc3+ 6. bxc3 b6 7. cxd5 exd5 8.
e3 O-O 9. Bd3 c5 10. Ne2 Re8 11. O-O Nbd7 12. Ng3 Qc7 13. Bd2 Bb7 14. Qe2 Rad8
15. Rae1 Nf8 16. Qf2 Ne6 17. Nf5 Nd7 18. e4 Ndf8 19. e5 Ng6 20. f4 Ne7 21. Nd6
Rxd6 22. exd6 Qxd6 23. f5 Nf8 24. f6 Qxf6 25. Qxf6 gxf6 26. Rxf6 Ne6 27. Ref1
Rf8 28. Bh6 Ng7 29. R1f3 Bc8 30. Bxg7 Kxg7 31. Bxh7 Be6 32. Bd3 Rc8 33. g4 cxd4
34. cxd4 Rc3 35. g5 Rxa3 36. h4 Bf5 37. R3xf5 Nxf5 38. Bxf5 Ra4 39. h5 Rxd4 40.
h6+ Kg8 41. h7+ Kg7 42. Rh6 Kh8 43. Rd6 Rh4 44. Rd8+ Kg7 45. h8=Q+ 1-0

[Event "3. Wittelsbacher Weihnachts-Schach-Open"]
[Site "Kelheim"]
[Date "2014.12.28"]
[Round "5.21"]
[White "Nussbaumer Johann"]
[Black "Bumes, Konrad"]
[Result "1/2-1/2"]
[WhiteElo "2041"]
[BlackElo "1848"]
[PlyCount "100"]
[EventDate "2014.??.??"]
[WhiteTeam "ASK St. Valentin"]
[BlackTeam "SC Haar"]

1. d4 d5 2. c4 c6 3. Nf3 Nf6 4. Nc3 dxc4 5. a4 Bf5 6. Ne5 Nbd7 7. Nxc4 e6 8. f3
Nb6 9. e4 Bg6 10. Bg5 Be7 11. e5 Nxc4 12. Bxc4 Nd5 13. Bxe7 Nxe7 14. Ne4 Bxe4
15. fxe4 Qb6 16. Qd2 Rd8 17. O-O-O a5 18. Kb1 O-O 19. Rhf1 Qb4 20. Qxb4 axb4
21. Kc2 Rd7 22. Rf3 Rfd8 23. Rfd3 Ra8 24. Kb3 b6 25. Kxb4 Rda7 26. b3 Rb8 27.
Rc3 Rd7 28. Be2 Rbd8 29. Rcd3 Kf8 30. Kc3 Ra8 31. Bf3 Ra5 32. R1d2 b5 33. axb5
Rxb5 34. Ra2 g6 35. Ra8+ Kg7 36. b4 Rdb7 37. Ra4 Nc8 38. Ra6 Ne7 39. Bd1 Rxb4
40. Ba4 Rb1 41. Rd2 Kf8 42. Ra8+ Kg7 43. Ra2 Rc1+ 44. Bc2 Rc7 45. R8a7 Rxa7 46.
Rxa7 Kf8 47. Ra8+ Kg7 48. Rd8 Ng8 49. Rc8 Ne7 50. Re8 Ng8 1/2-1/2

[Event "3. Wittelsbacher Weihnachts-Schach-Open"]
[Site "Kelheim"]
[Date "2014.12.28"]
[Round "5.22"]
[White "Heiler, Karl"]
[Black "Bader, Dominic"]
[Result "1/2-1/2"]
[WhiteElo "1876"]
[BlackElo "2103"]
[PlyCount "92"]
[EventDate "2014.??.??"]
[WhiteTeam "TG Biberach"]
[BlackTeam "SG Büchenbach/Roth"]

1. e4 c5 2. c3 d5 3. exd5 Qxd5 4. d4 Nf6 5. Nf3 Bg4 6. dxc5 Qxd1+ 7. Kxd1 e5 8.
Be3 e4 9. h3 exf3 10. hxg4 Nxg4 11. Bd4 fxg2 12. Bxg2 Nc6 13. Re1+ Kd8 14. Kc2
Kc7 15. Na3 Rd8 16. Re2 a6 17. Rd1 Nh6 18. Bh3 f5 19. Red2 Nxd4+ 20. cxd4 Be7
21. b4 Bg5 22. Re2 Rhe8 23. Rxe8 Rxe8 24. Kd3 Ng4 25. Bxg4 fxg4 26. Nc4 Rf8 27.
d5 Rxf2 28. d6+ Kd8 29. Na5 g3 30. Rg1 g2 31. a4 h5 32. b5 axb5 33. axb5 Bf6
34. Nc4 h4 35. c6 bxc6 36. bxc6 Rf3+ 37. Ke4 Rc3 38. c7+ Kd7 39. Nb6+ Kxd6 40.
c8=Q Rxc8 41. Nxc8+ Kd7 42. Nb6+ Kc6 43. Rxg2 Kxb6 44. Kf5 Kc5 45. Rd2 Kc4 46.
Kg4 Kc3 1/2-1/2

[Event "3. Wittelsbacher Weihnachts-Schach-Open"]
[Site "Kelheim"]
[Date "2014.12.28"]
[Round "5.23"]
[White "Lechermann, Markus"]
[Black "Grasser, Martin"]
[Result "1/2-1/2"]
[WhiteElo "2030"]
[BlackElo "1895"]
[PlyCount "63"]
[EventDate "2014.??.??"]
[WhiteTeam "MTV Ingolstadt"]
[BlackTeam "Regensb. Turnerschaft"]

1. d4 e6 2. Nf3 d5 3. Bf4 c6 4. e3 Be7 5. c3 f5 6. Nbd2 Nf6 7. Ne5 O-O 8. Bd3
Nbd7 9. O-O Ne4 10. f3 Nxe5 11. Bxe5 Nxd2 12. Qxd2 Bg5 13. Qe2 Bd7 14. e4 Qe7
15. exf5 exf5 16. f4 Bf6 17. Rae1 Rae8 18. Qf2 Qf7 19. Re3 Bd8 20. Rfe1 Re6 21.
Qc2 Bb6 22. c4 Rxe5 23. dxe5 Bxe3+ 24. Rxe3 d4 25. Re1 c5 26. g3 Be6 27. a3 Rc8
28. Rc1 g6 29. b4 b6 30. bxc5 Rxc5 31. Qb2 Qd7 32. Kf2 1/2-1/2

[Event "3. Wittelsbacher Weihnachts-Schach-Open"]
[Site "Kelheim"]
[Date "2014.12.28"]
[Round "5.24"]
[White "Hinterreiter, Lorenz"]
[Black "Eder Andreas"]
[Result "1/2-1/2"]
[WhiteElo "1816"]
[BlackElo "1959"]
[PlyCount "44"]
[EventDate "2014.??.??"]
[WhiteTeam "SK Abensberg"]
[BlackTeam "SK Mostarrichi"]

1. e4 Nc6 2. d4 d5 3. e5 Bf5 4. c3 f6 5. Nf3 e6 6. Bd3 fxe5 7. Bxf5 exf5 8.
Nxe5 Nf6 9. O-O Bd6 10. Nxc6 bxc6 11. Re1+ Ne4 12. Qh5+ g6 13. Qh6 Kf7 14. f3
Nf6 15. Bg5 Bf8 16. Qh4 h6 17. Bf4 Bd6 18. Bxd6 Qxd6 19. Nd2 Nd7 20. Re2 Qf6
21. Qg3 Qd6 22. Qh4 Qf6 1/2-1/2

[Event "3. Wittelsbacher Weihnachts-Schach-Open"]
[Site "Kelheim"]
[Date "2014.12.28"]
[Round "5.25"]
[White "Seitner, Ralf"]
[Black "Link, Robert"]
[Result "1/2-1/2"]
[WhiteElo "2110"]
[BlackElo "1792"]
[PlyCount "59"]
[EventDate "2014.??.??"]
[WhiteTeam "SK Ingolstadt"]
[BlackTeam "SK Klingenberg"]

1. d4 d5 2. Bf4 Nf6 3. e3 Bf5 4. c4 e6 5. Nc3 c6 6. Qb3 Qb6 7. c5 Qxb3 8. axb3
Nbd7 9. b4 Nh5 10. Nf3 Nxf4 11. exf4 Be7 12. b5 O-O 13. Kd2 f6 14. Nh4 Bg6 15.
f5 Bxf5 16. Nxf5 exf5 17. f4 Kf7 18. Bd3 g6 19. Ra2 a6 20. Rha1 Bxc5 21. dxc5
Nxc5 22. Ra3 Rab8 23. b4 Nxd3 24. Kxd3 axb5 25. Re1 Rfe8 26. Rxe8 Rxe8 27. Ra7
Re7 28. Ne2 Ke6 29. Nd4+ Kd6 30. g3 1/2-1/2

[Event "3. Wittelsbacher Weihnachts-Schach-Open"]
[Site "Kelheim"]
[Date "2014.12.28"]
[Round "5.26"]
[White "Schilay, Lorenz"]
[Black "Kucera, Petr"]
[Result "1-0"]
[WhiteElo "1719"]
[BlackElo "1974"]
[PlyCount "79"]
[EventDate "2014.??.??"]
[WhiteTeam "SK Neumarkt"]
[BlackTeam "Bystrc Oilers"]

1. e4 Nf6 2. Nc3 d5 3. exd5 Nxd5 4. d4 Nxc3 5. bxc3 e6 6. Nf3 Be7 7. c4 O-O 8.
Be3 Bf6 9. Rb1 b6 10. Be2 Qe7 11. c3 Rd8 12. Qc2 Bb7 13. O-O Nd7 14. Rfd1 Nf8
15. Rd2 Bc6 16. Rbd1 Qe8 17. Qb2 Ba4 18. Re1 Ng6 19. Bg5 Qe7 20. Bxf6 Qxf6 21.
Bd1 Bc6 22. Be2 Nf4 23. Bd1 h5 24. Re3 h4 25. h3 g5 26. Kh2 Qh6 27. Ne1 f5 28.
Bf3 Bxf3 29. Nxf3 g4 30. Ne5 gxh3 31. g3 Nh5 32. gxh4 Qg7 33. Rxh3 Kh7 34. Nf3
Rg8 35. Ng5+ Kh6 36. Re2 Nf4 37. Qd2 Nxh3 38. Nxe6+ Kh5 39. Nxg7+ Kxh4 40. Qh6+
1-0

[Event "3. Wittelsbacher Weihnachts-Schach-Open"]
[Site "Kelheim"]
[Date "2014.12.28"]
[Round "5.27"]
[White "Bartonicek, Zdenek"]
[Black "Alsheimer, Lea"]
[Result "1-0"]
[WhiteElo "2072"]
[BlackElo "1616"]
[PlyCount "57"]
[EventDate "2014.??.??"]
[WhiteTeam "TSV Kirchenlaibach"]
[BlackTeam "SC Bechhofen"]

1. e4 d6 2. d4 Nf6 3. Nc3 e5 4. Nge2 Be7 5. f3 Nbd7 6. Be3 b6 7. Qd2 Bb7 8. g4
h6 9. O-O-O d5 10. exd5 Nxd5 11. Nxd5 Bxd5 12. Bg2 Nf6 13. Nc3 Bb7 14. dxe5
Qxd2+ 15. Rxd2 Nd7 16. f4 Bxg2 17. Rxg2 g5 18. Nd5 gxf4 19. Bxf4 Bd8 20. Re2
Nc5 21. Nf6+ Ke7 22. Rd1 a5 23. Bxh6 Rxh6 24. Ng8+ Ke6 25. Rxd8 Rxd8 26. Nxh6
Nd7 27. h3 Rh8 28. g5 Nxe5 29. Rxe5+ 1-0

[Event "3. Wittelsbacher Weihnachts-Schach-Open"]
[Site "Kelheim"]
[Date "2014.12.28"]
[Round "5.28"]
[White "Strasser, Josef"]
[Black "Müller, Daniel"]
[Result "1/2-1/2"]
[WhiteElo "1874"]
[BlackElo "2045"]
[PlyCount "58"]
[EventDate "2014.??.??"]
[WhiteTeam "SU München"]
[BlackTeam "TG Biberach"]

1. e4 c5 2. Nf3 e6 3. b3 a6 4. Bb2 Nc6 5. d4 cxd4 6. Nxd4 Qa5+ 7. c3 Nf6 8.
Nxc6 dxc6 9. Bd3 e5 10. Nd2 Bg4 11. Be2 Be6 12. Qc2 Be7 13. O-O O-O 14. b4 Qc7
15. a4 a5 16. Ba3 Rfd8 17. Nc4 axb4 18. cxb4 Bxc4 19. Bxc4 Rd4 20. Rfe1 b5 21.
axb5 Rc8 22. Rac1 Kf8 23. Bb2 Rdd8 24. Qb3 Qb8 25. bxc6 Qxb4 26. Bxe5 Rxc6 27.
Bxf6 Rxf6 28. Qxb4 Bxb4 29. Red1 Rfd6 1/2-1/2

[Event "3. Wittelsbacher Weihnachts-Schach-Open"]
[Site "Kelheim"]
[Date "2014.12.28"]
[Round "5.29"]
[White "Klarl, Wolfgang"]
[Black "Seidenschwarz, Holger"]
[Result "0-1"]
[WhiteElo "1985"]
[BlackElo "1976"]
[PlyCount "98"]
[EventDate "2014.??.??"]
[BlackTeam "SK Kelheim"]

1. b3 d5 2. Bb2 Nf6 3. f4 g6 4. Nf3 Bg7 5. e3 O-O 6. Be2 c5 7. O-O Nc6 8. Ne5
Qc7 9. Nxc6 Qxc6 10. d3 Rd8 11. Be5 Ne8 12. Bxg7 Kxg7 13. Qe1 Qf6 14. Nd2 Nd6
15. e4 dxe4 16. Nxe4 Nxe4 17. dxe4 Qd4+ 18. Kh1 Qxe4 19. Qc3+ Qd4 20. Qf3 Qb2
21. Bd3 e6 22. Rab1 Qf6 23. g4 Rb8 24. g5 Qc3 25. Rbe1 b6 26. Kg1 Bb7 27. Be4
Qxf3 28. Bxf3 Bxf3 29. Rxf3 Rd2 30. Rf2 Rbd8 31. Ree2 Rd1+ 32. Kg2 h5 33. c4
Kf8 34. Rf1 Ke7 35. Rxd1 Rxd1 36. Kf2 f6 37. h4 Rh1 38. Kg3 Rg1+ 39. Kf3 Rg4
40. Rh2 fxg5 41. fxg5 e5 42. Ke3 Rf4 43. Rh1 Ke6 44. Rd1 Rxh4 45. Rd8 Kf5 46.
Rf8+ Kxg5 47. Rf7 Rf4 48. Rxa7 h4 49. Re7 Rf5 0-1

[Event "3. Wittelsbacher Weihnachts-Schach-Open"]
[Site "Kelheim"]
[Date "2014.12.28"]
[Round "5.30"]
[White "Simons, Peter"]
[Black "Klausmann, Leonard"]
[Result "1-0"]
[WhiteElo "2043"]
[BlackElo "1504"]
[PlyCount "57"]
[EventDate "2014.??.??"]
[WhiteTeam "Rheinbacher SF"]
[BlackTeam "TSV Kareth-Lappersdorf"]

1. d4 d5 2. c4 dxc4 3. Nf3 c6 4. a4 Bg4 5. Ne5 Bh5 6. Nc3 Nd7 7. Nxc4 Ngf6 8.
f3 e6 9. e4 Bb4 10. Qb3 a5 11. Bf4 Nb6 12. Rd1 Nxa4 13. Qxa4 b5 14. Qb3 bxc4
15. Bxc4 O-O 16. O-O Qe8 17. Na2 Qe7 18. Nxb4 axb4 19. Bg5 c5 20. e5 cxd4 21.
Bd3 Bg6 22. Rc1 Ra5 23. f4 h6 24. Bh4 Bxd3 25. Qxd3 g5 26. exf6 Qa7 27. fxg5
hxg5 28. Bf2 Rd8 29. Qh3 1-0